Marine pollution
Sparad:
| Huvudupphovsman: | |
|---|---|
| Materialtyp: | Bok |
| Språk: | Undetermined |
| Publicerad: |
Oxford, NY
Oxford University Press
1997
|
| Ämnen: | |
| Taggar: |
Lägg till en tagg
Inga taggar, Lägg till första taggen!
|
| Thư viện lưu trữ: | Trung tâm Học liệu Trường Đại học Cần Thơ |
|---|
| LEADER | 00543nam a2200193Ia 4500 | ||
|---|---|---|---|
| 001 | CTU_57307 | ||
| 008 | 210402s9999 xx 000 0 und d | ||
| 020 | |b 812000 | ||
| 082 | |a 363.7394 | ||
| 082 | |b C595 | ||
| 100 | |a R. B. Clack | ||
| 245 | 0 | |a Marine pollution | |
| 245 | 0 | |c R. B. Clack, Chris Frid and Martin Attrill | |
| 260 | |a Oxford, NY | ||
| 260 | |b Oxford University Press | ||
| 260 | |c 1997 | ||
| 650 | |a water resources development,marine pollution | ||
| 904 | |i Minh | ||
| 980 | |a Trung tâm Học liệu Trường Đại học Cần Thơ | ||